00582cam a22002171 4500001001300000003000400013005001700017008004100034010001700075035002000092040001800112042001200130050001900142100002400161245005200185260001100237300003000248500001600278504003200294600003800326sa 67002148 DLC20260227112328.0890613s1966 ii c b 000 0 beno  asa 67002148  a(OCoLC)19864108 aDLCcWaUdDLC apremarc00aBL1265.R3bG331 aGarai, Madan Mohan.10aRāmamohana : samaẏa, jībana, sādhanā. c[1966] a10, 256 p.bport.c23 cm. aIn Bengali. aBibliography: p. [250]-256.00aRammohun Roy,cRaja,d1772?-1833.